LEADER 00730nam0-22002771i-450- 001 990001227460403321 035 $a000122746 035 $aFED01000122746 035 $a(Aleph)000122746FED01 035 $a000122746 100 $a20000920d1968----km-y0itay50------ba 101 0 $aeng 200 1 $aMathematical Economics$fKelvin Lancaster 210 $aNew York$cMacmillan$dc1968 610 0 $aEconomia$aMatematica 676 $a330.015 1 700 1$aLancaster,$bKelvin$f<1924-2001>$056988 801 0$aIT$bUNINA$gRICA$2UNIMARC 901 $aBK 912 $a990001227460403321 952 $a9-B-33$b8560$fMA1 959 $aMA1 962 $a90AXX 996 $aMathematical economics$946942 997 $aUNINA DB $aING01 LEADER 01556nam 2200517 450 001 9910153072303321 005 20230803194619.0 010 $a1-292-05356-9 035 $a(CKB)2560000000327461 035 $a(SSID)ssj0001256811 035 $a(PQKBManifestationID)12554426 035 $a(PQKBTitleCode)TC0001256811 035 $a(PQKBWorkID)11271393 035 $a(PQKB)11407607 035 $a(MiAaPQ)EBC5174995 035 $a(MiAaPQ)EBC5176638 035 $a(MiAaPQ)EBC5832150 035 $a(MiAaPQ)EBC6399207 035 $a(EXLCZ)992560000000327461 100 $a20210331d2014 uy 0 101 0 $aeng 135 $aurcnu|||||||| 181 $ctxt 182 $cc 183 $acr 200 10$aComputer-based construction project management /$fTarek Hegazy 205 $aPearson new international edition. 210 1$aHarlow, England :$cPearson,$d[2014] 210 4$dİ2014 215 $a1 online resource (355 pages) $cillustrations, tables, graphs 225 1 $aAlways learning 300 $aIncludes index. 311 $a1-292-02712-6 320 $aIncludes bibliographical references and index. 410 0$aAlways learning. 606 $aConstruction industry$xData processing 615 0$aConstruction industry$xData processing. 676 $a690.028563 700 $aHegazy$b Tarek$01378328 801 0$bMiAaPQ 801 1$bMiAaPQ 801 2$bMiAaPQ 906 $aBOOK 912 $a9910153072303321 996 $aComputer-based construction project management$93416628 997 $aUNINA LEADER 01858nam 2200505 450 001 9910705876103321 005 20170724093407.0 035 $a(CKB)5470000002453654 035 $a(OCoLC)994297543 035 $a(EXLCZ)995470000002453654 100 $a20170724j199804 ua 0 101 0 $aeng 135 $aurbn||||||||| 181 $ctxt$2rdacontent 182 $cc$2rdamedia 183 $acr$2rdacarrier 200 10$aAdaptive variable bias magnetic bearing control /$fDexter Johnson and Gerald V. Brown ; Daniel J. Inman 210 1$aCleveland, Ohio :$cNational Aeronautics and Space Administration, Lewis Research Center,$dApril 1998. 215 $a1 online resource (7 pages) $cillustrations 225 1 $aNASA/TM ;$v1998-206975 300 $a"April 1998." 300 $a"Prepared for the 1998 American Controls Conference sponsored by the American Automatic Control Council, Philadelphia, Pennsylvania, June 24-26, 1998." 300 $a"Performing organization: National Aeronautics and Space Administration, Lewis Research Center"--Report documentation page. 320 $aIncludes bibliographical references (page 4). 606 $aMagnetic bearings$2nasat 606 $aAdaptive control$2nasat 606 $aLoads (forces)$2nasat 606 $aEnergy consumption$2nasat 606 $aDirectional control$2nasat 615 7$aMagnetic bearings. 615 7$aAdaptive control. 615 7$aLoads (forces) 615 7$aEnergy consumption. 615 7$aDirectional control. 700 $aJohnson$b Dexter$01394111 702 $aBrown$b Gerald V. 702 $aInman$b D. J. 712 02$aLewis Research Center, 801 0$bGPO 801 1$bGPO 801 2$bGPO 906 $aBOOK 912 $a9910705876103321 996 $aAdaptive variable bias magnetic bearing control$93450974 997 $aUNINA